000 01359nam a22003857i 4500
999 _c23079
_d23079
003 AR-CdUCM
008 240923b20192019 pe||||| |||| 00| 0 spa d
020 _a978-612-4236-21-1
040 _aMUNICIPALIDAD PROVINCIAL DEL CUSCO
_cBIBLIOTECA MUNICIPAL DEL CUSCO
041 _hspa
082 _a615.3 / V46
_bV46
100 _aVera Ferchau, Karina
_950619
245 _aFitofarmacopea del Cusco /
260 _aCusco :
_c2019
300 _a247 páginas. :
_c24 cm.
500 _zBibliografía : páginas 62-65
505 _aBioseguridad en el laboratorio -- Equipos e instrumentos -- Reactivos e insumos -- Métodos -- Priorización de especies vegetales -- Descripción Botánica de especies vegetales medicinales priorizadas en el Cusco
650 _aBioseguridad
_950620
650 _aMicroambiente
_950621
650 _aBioterio
_950622
650 _aEspectrofotómetro
_950623
650 _aCitotoxicidad
_950624
650 _aGlucómetro
_950625
650 _aMicrótomo
_950626
650 _aBenceno P.A
_950627
650 _aMetanol
_920225
650 _aPeróxido
_950628
650 _aGlibenclamida
_950629
650 _aCarragenina
_950630
700 _aVillena Tejada, Magali
_950631
700 _aVera Ferchau, Ingrid
_946981
700 _aCardona Rivero, Anahí K.
_950632
942 _2ddc
_cLIBROS
945 _apbj
_d2024-09-23